000
00301nam a22001337a 4500
020
_a
0-14310-087-4
082
_a
001
_b
OBRIP
100
_a
O'BRIEN DEREK
245
_a
REFERENCE YEAR BOOK 2007
260
_a
LONDON
_b
PENGUIN BOOKS
_c
2007
300
_a
1056
520
_a
REFERENCE YEAR BOOK
942
_c
BK
999
_c
6761
_d
6761